Państwa europy zachodniej według PKB - Statystyki

Ogólne statystyki
  • Ten quiz został rozwiązany 117 razy
  • Średni wynik to 17 z 21
Statystyki odpowiedzi
pkb kraj % Poprawnych
3,806 tryliarda USD Niemcy
100%
2,603 tryliarda USD Francja
99%
1,281 tryliarda USD Hiszpania
98%
1,886 tryliarda USD Włochy
97%
429 miliardów USD Austria
95%
231,3 miliarda USD Portugalia
95%
748 miliardów USD Szwajcaria
95%
2,708 tryliarda USD Wielka Brytania
95%
912,2 miliarda USD Holandia
93%
515,3 miliarda USD Belgia
92%
362 milardy USD Norwegia
88%
537,6 miliarda USD Szwecja
88%
355,2 miliarda USD Dania
87%
418,6 miliarda USD Irlandia
86%
73,26 miliarda USD Luksemburg
82%
21,71 miliarda USD Islandia
79%
243,5 miliarda USD Czechy
76%
52,88 miliarda USD Słowenia
76%
55,97 miliarda USD Chorwacja
70%
4,779 miliarda USD Czarnogora
21%
19,79 miliarda USD Bosnia i Harcegowiny
1%
Nie znaleziono quizów pasujących do podanych kryteriów
Rozkład punktacji
Procent ludzi z każdym wynikiem
Percentyl według liczby udzielonych odpowiedzi
Twoja historia wyników
Nie rozwiązałeś tego quizu